Words for Ways to Touch People - Statistics

General Stats
  • This quiz has been taken 250 times
  • The average score is 13 of 17
Answer Stats
Definition Word % Correct
To touch someone with lips kiss
96%
To wrap arms around someone and squeeze hug
95%
To quickly hit someone with a leg or foot kick
93%
To quickly hit someone's face with an open hand slap
93%
To strike someone with closed fist punch
92%
To touch someone with fingers so as to make them laugh tickle
91%
To hold out a leg so that someone falls over it trip
86%
To push someone with a single stiff index finger poke
85%
To squeeze someone's flesh between the fingers pinch
84%
To lightly touch someone with a finger to get their attention tap
77%
To repeatedly and reassuredly touch someone's back with an open hand pat
74%
To prod someone gently, typically with an elbow, to draw their attention nudge
72%
To gently move one's hand across someone's skin stroke
72%
To hit someone with a single finger, quickly released from the thumb flick
70%
To quickly hit someone's head with one's own head butt
65%
To hold close in one's arms (for a prolonged time) cuddle
49%
To pass the hands over someone, typically to look for something frisk
27%
No matching quizzes found
Score Distribution
Percent of People with Each Score
Percentile by Number Answered
Your Score History
You have not taken this quiz